| 000 | 00317nam a2200109Ia 4500 | ||
|---|---|---|---|
| 008 | 220204s9999 xx 000 0 und d | ||
| 082 |
_a547 _bDEN.1 |
||
| 245 | 0 | _aTechniques and methods of organic and organometallic chemistry. V 1 | |
| 260 |
_aNew York _bMarcel Dekker _c1969 |
||
| 700 | _aDenney, Donald B | ||
| 942 | _cBK | ||
| 999 |
_c26464 _d26464 |
||